| 000 | 00623cam a22001934a 4500 | ||
|---|---|---|---|
| 005 | 20250605164146.0 | ||
| 008 | 250528s ||||||||||||||||||||||||d | ||
| 035 | _a19172 | ||
| 020 | _a6620934521 | ||
| 040 |
_aGR-AtMCL _bgre _dGR-AtMCL _eAACR2 |
||
| 245 | 1 | _aAtlas of the World / Life World Library | |
| 260 |
_bLife World Library, _c1966 |
||
| 300 | _a162 | ||
| 520 | _aIntroduction, Climatic Regions, Population, North America, United States, Alaska, Central Mexico, France, Soviet Union, Eurasia, Oceania, Africa, Index. | ||
| 700 | 1 |
_aTime-Life Books _95412 |
|
| 942 | _cBK | ||
| 999 |
_c4446 _d4446 |
||